[Event "Solingen-ch"]
[Site "Solingen"]
[Date "2013.11.08"]
[Round "5"]
[White "Nink, Niklas"]
[Black "Vranidis, Athanassios"]
[Result "0-1"]
[WhiteElo "1454"]
[BlackElo "1861"]
[PlyCount "54"]
[EventDate "2013.09.13"]
[EventType "swiss"]
[EventRounds "7"]
[EventCountry "GER"]
[SourceTitle "EXT 2015"]
[Source "ChessBase"]
[SourceDate "2014.11.20"]
[SourceVersion "1"]
[SourceVersionDate "2014.11.20"]
[SourceQuality "1"]

1. e4 c5 2. Nf3 d6 3. d4 cxd4 4. Nxd4 Nf6 5. Nc3 a6 6. Bg5 e6 7. f4 b5 8. e5 dxe5 9. fxe5 Qc7 10. exf6 Qe5+ 11. Be2 Qxg5 12. 0-0 Qe5 13. Nf3 Qc5+ 14. Kh1 Bb7 15. Qd2 gxf6 16. Rad1 Be7 17. Bd3 f5 18. Nd4 Rg8 19. Rf2 Nc6 20. Nxf5 exf5 21. Bxf5 Ne5 22. Bd7+ Kf8 23. Rdf1 f6 24. Qh6+ Rg7 25. Rxf6+ Bxf6 26. Rxf6+ Nf7 27. Be6 Bxg2# 0-1

[Event "Solingen Karneval op"]
[Site "Solingen"]
[Date "2013.02.09"]
[Round "2"]
[White "Pitz, Marko"]
[Black "Nink, Niklas"]
[Result "0-1"]
[WhiteElo "1694"]
[BlackElo "1458"]
[PlyCount "108"]
[EventDate "2013.02.08"]
[EventType "swiss"]
[EventRounds "5"]
[EventCountry "GER"]
[SourceTitle "EXT 2015"]
[Source "ChessBase"]
[SourceDate "2014.11.20"]
[SourceVersion "1"]
[SourceVersionDate "2014.11.20"]
[SourceQuality "1"]

1. d4 Nf6 2. f3 g6 3. e4 d6 4. Bd3 Bg7 5. Ne2 e5 6. c3 0-0 7. 0-0 Nc6 8. Qc2 Nd7 9. d5 Ne7 10. Be3 f5 11. f4 fxe4 12. Bxe4 Nf6 13. c4 Nxe4 14. Qxe4 Bf5 15. Qf3 e4 16. Qg3 Bxb2 17. Nd2 Bxa1 18. Rxa1 c5 19. Qg5 Kg7 20. g4 Bd7 21. Qh4 Ng8 22. g5 Bf5 23. Nf1 Ne7 24. Qh6+ Kg8 25. Rb1 b6 26. Bd2 Rf7 27. Ne3 Qf8 28. Qh4 Rb8 29. Bc3 a6 30. a4 Bd7 31. Kh1 Bxa4 32. Ng4 Nf5 33. Qh3 Bc2 34. Re1 Re8 35. Ng3 Nd4 36. Re2 Bd3 37. Rd2 Rxf4 38. Nh6+ Kh8 39. Rd1 Rf3 40. Qd7 Qe7 41. Qa4 Bc2 42. Rxd4 Rxc3 43. Qa1 cxd4 44. Qe1 Kg7 45. Qd2 Qe5 46. Ng4 e3 47. Qxc3 dxc3 48. Nxe5 Rxe5 49. Ne2 Be4+ 50. Kg1 Rxg5+ 51. Kf1 Bd3 52. Ke1 Bxe2 53. Kxe2 Rg2+ 54. Kxe3 c2 0-1

[Event "Solingen-ch"]
[Site "Solingen"]
[Date "2012.10.05"]
[Round "3"]
[White "Nink, Niklas"]
[Black "Boschek, Hans Joachim"]
[Result "0-1"]
[WhiteElo "978"]
[BlackElo "1931"]
[PlyCount "36"]
[EventDate "2012.09.14"]
[EventType "swiss"]
[EventRounds "7"]
[EventCountry "GER"]
[SourceTitle "EXT 2015"]
[Source "ChessBase"]
[SourceDate "2014.11.20"]
[SourceVersion "1"]
[SourceVersionDate "2014.11.20"]
[SourceQuality "1"]

1. e4 c5 2. Nc3 Nc6 3. f4 e6 4. Bc4 Nge7 5. e5 d5 6. exd6 Nf5 7. Nb5 Nxd6 8. Nxd6+ Bxd6 9. d3 b5 10. Bxb5 Qa5+ 11. Bd2 Qxb5 12. b3 Nd4 13. Nf3 Bb7 14. Nxd4 cxd4 15. 0-0 0-0 16. Qe2 Qf5 17. c3 dxc3 18. Bxc3 Qc5+ 0-1

[Event "Solingen-ch"]
[Site "Solingen"]
[Date "2012.09.28"]
[Round "2"]
[White "Nguyen, Philipp"]
[Black "Nink, Niklas"]
[Result "0-1"]
[WhiteElo "1527"]
[BlackElo "978"]
[PlyCount "120"]
[EventDate "2012.09.14"]
[EventType "swiss"]
[EventRounds "7"]
[EventCountry "GER"]
[SourceTitle "EXT 2015"]
[Source "ChessBase"]
[SourceDate "2014.11.20"]
[SourceVersion "1"]
[SourceVersionDate "2014.11.20"]
[SourceQuality "1"]

1. e4 c5 2. Nf3 d6 3. d4 cxd4 4. Nxd4 Nf6 5. Nc3 a6 6. Bg5 e6 7. f4 h6 8. Bh4 Be7 9. Bf2 0-0 10. Be2 Nc6 11. Bf3 Qc7 12. g4 e5 13. fxe5 dxe5 14. Nf5 Rd8 15. Nd5 Qa5+ 16. Qd2 Qxd2+ 17. Kxd2 Nxd5 18. exd5 Bg5+ 19. Ke2 Ne7 20. Nxe7+ Bxe7 21. Rad1 f5 22. gxf5 Bxf5 23. d6 Rxd6 24. Rxd6 Bxd6 25. Bxb7 Rb8 26. Bd5+ Kf8 27. Bb3 Rc8 28. c3 e4 29. Bd4 Ke7 30. Bxg7 Bf4 31. Rf1 Bg4+ 32. Ke1 Bf3 33. Bd5 Bxh2 34. Bxh6 Rh8 35. Be3 Bg3+ 36. Kd2 Rh2+ 37. Kc1 Kd6 38. Bc4 a5 39. Rg1 Bf2 40. Bf4+ Kc5 41. Rg5+ Kxc4 42. Bxh2 Be3+ 43. Kc2 Bxg5 44. b3+ Kc5 45. Bg1+ Kd6 46. a4 e3 47. Kd3 e2 48. Bf2 Ke5 49. c4 Kf4 50. Be1 Bd8 51. c5 Bg4 52. Kd4 Kf3 53. Kd5 Kg2 54. Kd6 Kf1 55. Bd2 e1Q 56. Bxe1 Kxe1 57. c6 Kd2 58. c7 Bg5 59. Kc5 Be7+ 60. Kb6 Bb4 0-1

[Event "Solingen Karneval op"]
[Site "Solingen"]
[Date "2012.02.19"]
[Round "5"]
[White "Kniest, Oliver"]
[Black "Nink, Niklas"]
[Result "1-0"]
[WhiteElo "2293"]
[BlackElo "819"]
[PlyCount "43"]
[EventDate "2012.02.17"]
[EventType "swiss"]
[EventRounds "5"]
[EventCountry "GER"]
[SourceTitle "EXT 2015"]
[Source "ChessBase"]
[SourceDate "2014.11.20"]
[SourceVersion "1"]
[SourceVersionDate "2014.11.20"]
[SourceQuality "1"]

1. Nf3 d5 2. d4 e6 3. c4 c5 4. cxd5 exd5 5. g3 Nf6 6. Bg2 Nc6 7. 0-0 Bd6 8. Nc3 0-0 9. Bg5 h6 10. Bxf6 Qxf6 11. Nxd5 Qe6 12. dxc5 Be5 13. Nxe5 Qxe5 14. Qd2 Rd8 15. f4 Qd4+ 16. Qxd4 Nxd4 17. Rad1 Nxe2+ 18. Kf2 Bg4 19. Bf3 Bxf3 20. Kxf3 Nxg3 21. hxg3 Rac8 22. Ne7+ 1-0